000 00491nam a22001457a 4500
005 20120501115720.0
020 _a923101983X
_c00.00
035 _aA-160040
037 _aDPL
_bENG
245 _aHuman rights in urban areas /
260 _bUNESCO
_c1983
300 _a169p.
_c20 cms.
942 _2ddc
_cEN
_h323.4
_mHUM
999 _c65867
_d65867